| 000 | 00641nam a2200217 a 4500 | ||
|---|---|---|---|
| 001 | 70386 | ||
| 003 | BD-RjUL | ||
| 005 | 20211209082007.0 | ||
| 008 | 170417s1950 enka b 001 0 eng d | ||
| 035 | _a(BD-RjUL)70600 | ||
| 040 |
_dBD-RjUL _beng _aBD-RjUL _cBD-RjUL |
||
| 041 | _aeng | ||
| 082 | 0 | 4 |
_a516.35 _223 _bWEI 1950 |
| 100 | 1 |
_aWelchman, W. Gordon. _9208416 |
|
| 245 | 1 | 0 |
_aIntroduction to algebraic geometry / _cW Gordon Welchman |
| 260 |
_aCambridge [Eng.] : _bUniversity Press, _c1950. |
||
| 300 |
_ax, 349 p. : _bill. ; _c23 cm. |
||
| 504 | _aBibliography: p. [351] | ||
| 650 | 0 |
_aGeometry, Algebraic. _9208417 |
|
| 942 |
_2ddc _cBK |
||
| 999 |
_c70386 _d70386 |
||